000 01560nmm a2200529 a 4500
003 AR-BaBNM
005 20251128204833.0
008 196019s1994 ||||||||||||||000 | spa||
020 _a84-477-0312-6
040 _cAR-BaBNM
245 1 0 _aMujeres y literatura
250 _a1ª ed.
260 _aBarcelona
_bPPU
_c1994
300 0 _a189 p.
500 1 _aContenido: artículos del primer y segundo ciclo de conferencias que bajo el título "Literatura feta per dones" tuvieron lugar en la Facultad de filología de la Universitat de Barcelona, en 1990 y 1993
500 0 _aNota sobre los participantes al final del texto
504 _aBibliografía: p. 37-38, 70, 174-175, 189
600 0 4 _aSafo
600 0 4 _aTrobairitz
600 0 4 _aTeresa de Avila
600 1 4 _aAbelardo, Pedro
600 0 4 _aEloisa
600 1 4 _aEdgeworth, María
600 1 4 _aAlbert, Caterina
600 1 4 _aChacel, Rosa
600 1 4 _aLispector, Clarice
600 1 4 _aWolf, Virginia
600 1 4 _aChurchill, Caryl
600 1 4 _aMorrison, Toni
650 4 _aLITERATURA RELIGIOSA
650 4 _aLITERATURA ESPANOLA
650 4 _aFEMINISMO
650 4 _aMITOLOGIA
650 4 _aTEATRO
650 4 _aMUJERES
650 4 _aLITERATURA ESTADOUNIDENSE
650 4 _aCRITICA LITERARIA
650 4 _aANALISIS LITERARIO
651 4 _aInglaterra
653 0 _aPOESIA LIRICA
653 0 _aLITERATURA ISLAMICA
655 _aLITERATURA
700 1 _aCarabí, Angels
_eeditor
700 1 _aSegarra, Marta
_eeditor
942 _cBK
998 _cenrique
999 _c8990
_d8990